000
00210nam a2200097Ia 4500
008
240331s9999 xx 000 0 und d
082
_b
JEN
100
_a
Jennings, I
245
4
_a
The economy of Ceylon
942
_c
L
999
_c
2588
_d
2588